Statistics for Ranker's Top 30 Sexiest DC Superheroines

Click here to take the quiz!

General Stats

  • This quiz has been taken 188 times
    (155 since last reset)
  • The average score is 10 of 30

Answer Stats

Name% Correct
Princess Diana of Themyscira/Wonder Woman
93%
Kara Zor-El/Kara Danvers/Supergirl
82%
Barbara Gordon/Batgirl
80%
Cassandra Cain/Batgirl
80%
Stephanie Brown/Batgirl
80%
Beatriz Da Costa/Fire
60%
Dinah Drake/Black Canary
59%
Princess Koriand'r of Tamaran/Starfire
56%
Shayera Thal/Hawkgirl
52%
Zatanna Zatara
52%
Donna Troy/Wonder Girl
48%
Kara Zor-El/Karen Starr/Power Girl
47%
Cassandra Sandsmark/Wonder Girl
43%
Helena Bertinelli/The Huntress
39%
Lorena Marquez/Aquagirl
22%
Karen Beecher/Bumblebee
21%
Margarita 'Rita' Farr/Elasti-Girl
17%
Cissie King-Jones/Arrowette
8%
Jennifer-Lynn Hayden/Jade
8%
Adrianna Tomaz/Isis
7%
Cynthia Reynolds/Gypsy
7%
Dawnstar
6%
Maxine Hunkel/Cyclone
6%
Queen Maxima of Almerac
6%
Lyla Michaels/Harbinger
5%
Brainiac 8/Indigo
4%
Laurie Juspeczyk/Silk Spectre II
3%
Mar'i Grayson/Nightstar
3%
Sarah 'Sally' Juspeczyk/Silk Spectre
3%
Elizabeth 'Bette' Kane/Flamebird
2%

Score Distribution

Percentile by Number Answered

Percent of People with Each Score

Your Score History

You have not taken this quiz since the last reset